000 00256nam a2200109Ia 4500
008 200302s9999 xx 000 0 und d
100 _aIan Ritchie
245 _aBeing: An Architect Vol II
260 _bRoyal Academy of Arts
260 _c2013
300 _a247
999 _c3560
_d3560